Normal view
MARC view
- الأدب العربي - شرق الأردن
Entry Topical Term
001 - CONTROL NUMBER
- control field: 23105
003 - CONTROL NUMBER IDENTIFIER
- control field: JO-AjAnu
005 - DATE AND TIME OF LATEST TRANSACTION
- control field: 20230606073958.0
008 - FIXED-LENGTH DATA ELEMENTS
- fixed length control field: 230606|| aca||aabn | a|a d
040 ## - CATALOGING SOURCE
- Original cataloging agency: JO-AjAnu
- Transcribing agency: JO-AjAnu
150 ## - HEADING--TOPICAL TERM
- Topical term or geographic name entry element: الأدب العربي - شرق الأردن
670 ## - SOURCE DATA FOUND
- Source citation: Work cat.: (JO-AjAnu)11874: قطامي،سمير, author 23104, الحركة الأدبية في شرق الأردن منذ قيام الإمارة حتى سنة 1948